000
00202 a2200097 4500
001
14788
100
_a
Yapp M
245
_a
260
_a
Lahore
_b
Institute of Islamic culture
_c
090
_c
11567
_d
11567
942
_a
NUST-CAE
_c
_c
1744
999
_c
249861
_d
249861